| 000 | 01192nam a2200349 c 4500 | ||
|---|---|---|---|
| 003 | BLK | ||
| 005 | 20240731121118.0 | ||
| 008 | 180408b bul|||||r ||||||| ||bul|| | ||
| 010 | _aKNG00076816000 | ||
| 020 |
_a954-26-0422-Х _bиздат.: Хермес |
||
| 040 | _aBLK | ||
| 041 |
_aBUL _cBUL |
||
| 080 |
_aБългарска литература _b821.163.2 _x-93-1 _z821.163.2-93-1 |
||
| 700 |
_aСпасов, Спас Димитров _d1975- _9367219 |
||
| 139 |
_aГорските животни _bГ 69 |
||
| 245 | 1 | 0 |
_aГорските животни _cил. Спас Димитров Спасов. |
| 257 | _aBGR | ||
| 260 |
_аПловдив _bХермес _c2006 |
||
| 300 |
_a8 с. _bс цв. ил. _c24 см |
||
| 380 | _aDX | ||
| 490 | 1 | _aВесели стихчета | |
| 500 | _aКор. опис. | ||
| 653 | _aстихотворения за деца | ||
| 653 | _aлитература за деца | ||
| 653 | _aдетска литература | ||
| 852 | _aЦб 235031 | ||
| 856 | 4 |
_qpdf _u |
|
| 856 | 4 |
_qpdf _u |
|
| 942 |
_cKNG _n0 _04 |
||
| 944 |
_aCR _c01.08.2007 _lИва Цветкова _k30543 |
||
| 944 |
_aED _c19.11.2014 _lф / _kЛюдмила_Стоянова |
||
| 999 |
_c72441 _d72441 |
||